<?xml version="1.0" encoding="UTF-8"?>
<record
    xmlns:xsi="http://www.w3.org/2001/XMLSchema-instance"
    xsi:schemaLocation="http://www.loc.gov/MARC21/slim http://www.loc.gov/standards/marcxml/schema/MARC21slim.xsd"
    xmlns="http://www.loc.gov/MARC21/slim">

  <leader>01477nam a2200313 i 4500</leader>
  <controlfield tag="001">187616</controlfield>
  <controlfield tag="003">ES-MaACL</controlfield>
  <controlfield tag="005">20250808053335.0</controlfield>
  <controlfield tag="008">171211s2011    sp ab        |||| |dspa d</controlfield>
  <datafield tag="020" ind1=" " ind2=" ">
    <subfield code="a">978-84-259-1502-4</subfield>
  </datafield>
  <datafield tag="080" ind1=" " ind2=" ">
    <subfield code="a">342.4(4)"18/19"</subfield>
  </datafield>
  <datafield tag="245" ind1="0" ind2="3">
    <subfield code="a">El imperio napole&#xF3;nico y la nueva cultura pol&#xED;tica europea / </subfield>
    <subfield code="c">Michael Broers, Agust&#xED;n Guimer&#xE1; y Peter Hicks (dirs.) ; Katherine Aaslestad ... [et al.] ; introducci&#xF3;n, Michael Broers</subfield>
  </datafield>
  <datafield tag="260" ind1=" " ind2=" ">
    <subfield code="a">Madrid : </subfield>
    <subfield code="b">Centro de Estudios Pol&#xED;ticos y Constitucionales, </subfield>
    <subfield code="c">2011</subfield>
  </datafield>
  <datafield tag="300" ind1=" " ind2=" ">
    <subfield code="a">352 p&#xE1;ginas, [4] p&#xE1;ginas de l&#xE1;minas (blanco y negro y color) ; </subfield>
    <subfield code="c">22 cm</subfield>
  </datafield>
  <datafield tag="490" ind1="1" ind2=" ">
    <subfield code="a">Cuadernos y debates. </subfield>
    <subfield code="p">Bicentenario de las Cortes C&#xE1;diz ;</subfield>
    <subfield code="v">205 </subfield>
    <subfield code="9">225586</subfield>
  </datafield>
  <datafield tag="651" ind1=" " ind2="4">
    <subfield code="a">Europa-</subfield>
    <subfield code="x">Historia constitucional</subfield>
    <subfield code="9">150489</subfield>
  </datafield>
  <datafield tag="651" ind1=" " ind2="4">
    <subfield code="a">Europa-</subfield>
    <subfield code="x">Historia-</subfield>
    <subfield code="y">1789-1815</subfield>
    <subfield code="9">8604</subfield>
  </datafield>
  <datafield tag="651" ind1=" " ind2="7">
    <subfield code="a">Francia-</subfield>
    <subfield code="x">Historia-</subfield>
    <subfield code="y">1789-1815</subfield>
    <subfield code="2"></subfield>
    <subfield code="9">163994</subfield>
  </datafield>
  <datafield tag="700" ind1="1" ind2=" ">
    <subfield code="a">Broers, Michael,</subfield>
    <subfield code="d">1954-</subfield>
    <subfield code="e">aui</subfield>
    <subfield code="e">cnd</subfield>
    <subfield code="9">163902</subfield>
  </datafield>
  <datafield tag="700" ind1="1" ind2=" ">
    <subfield code="a">Guimer&#xE1; Ravina, Agust&#xED;n,</subfield>
    <subfield code="d">1953-</subfield>
    <subfield code="e">cnd</subfield>
    <subfield code="9">60848</subfield>
  </datafield>
  <datafield tag="700" ind1="1" ind2=" ">
    <subfield code="a">Hicks, Peter,</subfield>
    <subfield code="d">1964-</subfield>
    <subfield code="e">cnd</subfield>
    <subfield code="9">163904</subfield>
  </datafield>
  <datafield tag="700" ind1="1" ind2=" ">
    <subfield code="a">Aaslestad, Katherine,</subfield>
    <subfield code="d">1961-2021</subfield>
    <subfield code="e">aut</subfield>
    <subfield code="9">163901</subfield>
  </datafield>
  <datafield tag="830" ind1=" " ind2="0">
    <subfield code="a">Cuadernos y debates. </subfield>
    <subfield code="p">Bicentenario de las Cortes C&#xE1;diz ;</subfield>
    <subfield code="v">205 </subfield>
    <subfield code="9">225586</subfield>
  </datafield>
  <datafield tag="852" ind1=" " ind2=" ">
    <subfield code="a">ES-MaACL</subfield>
    <subfield code="b">R.151321</subfield>
    <subfield code="c">DEPO1</subfield>
    <subfield code="d">Olim: N-7059</subfield>
    <subfield code="h">Donaci&#xF3;n Luis Arrillaga Aldama</subfield>
    <subfield code="j">A-14059</subfield>
    <subfield code="9">14059</subfield>
  </datafield>
  <datafield tag="903" ind1=" " ind2=" ">
    <subfield code="a">Arrillaga Aldama, Luis,</subfield>
    <subfield code="d">1950-</subfield>
    <subfield code="e">dnr</subfield>
    <subfield code="9">23318</subfield>
  </datafield>
  <datafield tag="942" ind1=" " ind2=" ">
    <subfield code="2">udc</subfield>
    <subfield code="c">MONOGRAFIA</subfield>
    <subfield code="n">0</subfield>
  </datafield>
  <datafield tag="999" ind1=" " ind2=" ">
    <subfield code="c">187616</subfield>
    <subfield code="d">187616</subfield>
  </datafield>
  <datafield tag="952" ind1=" " ind2=" ">
    <subfield code="0">0</subfield>
    <subfield code="1">0</subfield>
    <subfield code="2">udc</subfield>
    <subfield code="4">0</subfield>
    <subfield code="7">0</subfield>
    <subfield code="a">ATENEOM</subfield>
    <subfield code="b">ATENEOM</subfield>
    <subfield code="c">DEPO1</subfield>
    <subfield code="d">2017-12-11</subfield>
    <subfield code="e">DONACION</subfield>
    <subfield code="l">0</subfield>
    <subfield code="o">A-14059</subfield>
    <subfield code="p">1198166</subfield>
    <subfield code="r">2023-02-23 00:00:00</subfield>
    <subfield code="y">MONOGRAFIA</subfield>
  </datafield>
</record>
